| 000 | 00591cam a22002055a 4500 | ||
|---|---|---|---|
| 001 | 010938399 | ||
| 005 | 20201124142135.0 | ||
| 008 | 741222s1960 enka fr 001 0 eng d | ||
| 040 |
_aUk _cUk _beng _dEG-ScBUE |
||
| 082 | 0 | 4 |
_a330 _222 _bHIC |
| 100 | 1 |
_aHicks, John, _d1904-1989. |
|
| 245 | 1 | 4 |
_aThe social framework : _ban introduction to economics / _cJ. R. Hicks |
| 250 | _a3rd ed. | ||
| 260 |
_aOxford : _bClarendon Press, _c1960. |
||
| 300 |
_axii, 272 p. : _bill. ; _c18 cm. |
||
| 500 | _aIndex : p. 270-272. | ||
| 651 | _2BUEsh | ||
| 653 |
_bGGEN _bBUSECO _cJanuary2018 |
||
| 942 | _2ddc | ||
| 999 |
_c25850 _d25822 |
||